| 000 | 01961nam a2200361 a 4500 | ||
|---|---|---|---|
| 001 | 000042905 | ||
| 005 | 20240417195416.0 | ||
| 008 | 140212s1990 sp 000 0 spa d | ||
| 020 | _z956160199K | ||
| 040 |
_aDO-SdBNP _bspa _cBNPHU |
||
| 082 |
_a323.183 _bC537m, 1990 |
||
| 245 | 0 | 0 |
_aChile : _bla memoria prohibida, las violaciones a los derechos humanos 1973-1983 / _cEugenio Ahumada...[et.al] ; texto Rodrigo Atria. |
| 250 | _a4a. ed. | ||
| 260 |
_aChile : _bPehuén Editores, _c1990. |
||
| 300 |
_a3 v. ; _c22 cm. |
||
| 490 | 1 |
_aTestimonio _v2 |
|
| 505 | 0 |
_gv. 1: _tEl golpe de estado de 11 de septiembre -- _tEl destino de los hombres de Allende -- _tDetenciones y campos deconcentración -- _tLos casos de Loquén, Yumbel y Paine -- _tEl helicóptero de la muerte -- _tLa formación del Comité pro Paz -- _tLa creación de la Dina. |
|
| 505 | 0 |
_gv. 2: _tEl país de las catacumbas _tLos asesinatos de Carlos Prats y de Orlando Letelier -- _tLa Operación Colombo o El Caso de los 119 -- _tEl atentado a Bernardo Leighton -- _tLa creación de la Vicaría de la Solidaridad -- _tEl itinerario del Comando Conjunto -- _tLs crisis entre la Iglesia y el gobierno. |
|
| 505 | 0 |
_gV. 3: _tLa metamorfosis de la Dina -- _tLa condena de Townley -- _tEl convenio de Quántico -- _tLos secuestros del Covema -- _tLa excomunión de los torturadores -- _tEl caso Calama -- _tEl asesinato de Tucapel Jiménez -- _tEl primer brote de la primavera. |
|
| 650 | 4 |
_aViolación de los derechos humanos _zChile _970356 |
|
| 650 | 0 |
_aDerecho civil _95702 |
|
| 651 | 4 |
_aChile _xCondiciones Sociales _970357 |
|
| 700 | 1 | 2 |
_aAhumada, Eugenio. _970358 |
| 700 | 1 | 2 |
_aAtria, Rodrigo _970359 |
| 700 | 1 | 2 |
_aEgaña, Javier Luis _970360 |
| 700 | 1 | 2 |
_aGóngora, Augusto _970361 |
| 700 | 1 | 2 |
_aQuesney, Carmen _970362 |
| 700 | 1 | 2 |
_aSaball, Gustavo _970363 |
| 700 | 1 | 2 |
_aVillalobos, Gustavo _970364 |
| 830 | 0 |
_aTestimonio _v2 _916115 |
|
| 910 | _aValidado. Control de calidad EMS | ||
| 049 | _aBNPD | ||
| 999 |
_c42394 _d42394 |
||